LIBRARY & INFORMATION CENTRE, KCAET, TAVANUR

ONLINE PUBLIC ACCESS CATALOGUE (OPAC)

Preservation of fruit and vegetable products / (Record no. 1507)

MARC details
000 -LEADER
fixed length control field 00484cam a2200181ua 4500
041 ## - LANGUAGE CODE
Language code of text/sound track or separate title eng
082 ## - DEWEY DECIMAL CLASSIFICATION NUMBER
Classification number 664.028
Item number SRI/PR
100 ## - MAIN ENTRY--AUTHOR NAME
Personal name Srivastava, R P .
245 ## - TITLE STATEMENT
Title Preservation of fruit and vegetable products /
250 ## - EDITION STATEMENT
Edition statement 1 /
260 ## - PUBLICATION, DISTRIBUTION, ETC. (IMPRINT)
Place of publication Dehradun :
Name of publisher Bishen Singh Mahendra Pal Singh ,
Year of publication 1982.
300 ## - PHYSICAL DESCRIPTION
Number of Pages 142 ; .
942 ## - ADDED ENTRY ELEMENTS (KOHA)
Koha item type Books
Holdings
Withdrawn status Lost status Damaged status Home library Current library Date acquired Full call number Accession Number Koha item type
      KAUAET KAUAET 07/04/2012 664.028 14470 Books
free website counter